Quizzes
Events
Quiz Creation
Community
Videos
Private Events
Remove Ads
Sign In
Join for FREE
Feedback
Dark Mode
Quiz Categories
Sports
Geography
Music
Movies
Television
Just For Fun
Miscellaneous
History
Literature
Language
Science
Gaming
Entertainment
Religion
Holiday
For Kids
Quiz Lab
Recent
Popular Today
Quiz Kudos Today
Editor Picks
Curator Picks
Quizzes by...
Day
Popularity
Type
Ratings
Length
Year
Community
Subscriptions
Recent Discussions
Orange Saloon
Badges
Playlists
Quests
Create
Leaderboards
Showdown
Live 5
Trivia Bingo
Activity
Puzzle Library
Sporcle Events
Private Events
Virtual Trivia
Globe League
Become a Host
Pub Owners
SporcleCon
Opinionation
Our Games
Videos
Blog
Mobile Apps
Partnerships
Remove Ads and Go Orange
Feedback
Geography
Country
Landmarks
City
State
Population
World
Capital
Continent
Flags
Europe
Africa
Asia
South America
North America
Oceania
Border
Canada
United Kingdom
Topography
United States
Geography
Country
Landmarks
City
State
Population
World
Capital
Continent
Flags
Europe
Africa
Asia
South America
North America
Oceania
Border
Canada
United Kingdom
Topography
United States
Random Quiz
Search Sporcle
×
Quiz Lab
Quiz Lab
Geography
south
Type in answers that appear in a list
Type in answers that appear in a list
Classic
Best Score? Go Orange.
Bus Routes of the London Borough of Lambeth Stats
Can you name all bus routes that enter the London Borough of Lambeth?
By
marierob13
10m
82 Questions
195 Plays
195 Plays
195 Plays
Comments
Comments
Give Quiz Kudos
Give Quiz Kudos
-
- Ratings
hide this ad
Replay
Link that replays current quiz
Next Quiz
Link to next quiz in quiz playlist
You Got
0%
They Got
Avg Score
48%
Avg Friend Score
Upgrade to see
Score Distribution
Jump to the score distribution portion of the page
Score
0/82
Timer
10:00
0
Plays Today
% Correct
1
99.5%
2
99%
3
98.5%
4
97.9%
12
86.2%
45
78.5%
35
74.9%
36
72.8%
50
72.3%
68
69.7%
159
68.7%
37
67.2%
59
66.7%
133
65.1%
77
63.1%
109
62.1%
88
61%
87
61%
333
59.5%
155
56.4%
57
55.9%
196
54.9%
468
54.9%
26
54.9%
60
53.8%
250
52.3%
118
52.3%
53
52.3%
% Correct
415
51.3%
345
51.3%
436
51.3%
N1
51.3%
188
50.8%
417
49.7%
137
49.7%
76
49.7%
N2
49.2%
176
48.7%
P4
48.2%
N3
48.2%
P5
47.2%
432
46.2%
201
45.6%
185
45.1%
249
45.1%
P13
44.1%
171
44.1%
344
43.6%
168
43.6%
156
43.1%
322
42.6%
148
42.6%
172
40.5%
N68
39.5%
381
39.5%
355
39.2%
% Correct
211
37.9%
255
37.9%
139
37.9%
341
36.4%
X68
36.4%
243
36.4%
C10
35.9%
507
35.9%
360
35.4%
521
34.9%
N109
33.8%
319
32.8%
G1
31.3%
315
31.3%
N133
29.7%
N87
27.7%
452
27.7%
N155
26.7%
RV1
26.7%
N35
24.6%
N136
23.6%
450
22.6%
N137
21%
N381
21%
N171
17.4%
N343
15.9%
Quiz Playlist
Details
Report
Send in Message
Add To Playlist
Classic:
Type in answers that appear in a list
Last Updated: Feb 16, 2017
Quiz Scoreboard
CHALLENGE
Sign Up to Join the Scoreboard
Show All
Scores
Hide
Comments
May contain spoilers
Recently Published
Movies - When Are They Set?
by FPL_Elf
Movies
5m
Popular People in 1961
by mucciniale
History
6m
1-10 Letter E Words III
by El_Dandy
Language
2m
More to Explore
Quiz From the Vault
Featured Blog Post
Where Did the Easter Bunny Come From?
hide this ad
You Might Also Like...
Tags
bus
London
route
south
Waterloo
Today's Top Quizzes in Geography
Browse Geography
hide this ad
Today's Top Quizzes in south
Browse south
Top Contributed Quizzes in Geography
1
Countries of the World - No Outlines Minefield
2
Top 25 Cities of France on a map
3
Closest Countries to UK A-Z
4
One Thing in Common: United Kingdom
5
Blind Secret Country CLXXXVIII
6
Blind Ultimate Minefield: USA
7
African Flag Reveal XLV
8
Find the US States - No Outlines
9
One Thing in Common: Asia
10
Find the Provinces of Canada - No Outlines Minefield
Explore More
Trending Topics
Harry Potter
Marvel
Anime
Crossword
Disney
NBA
Kpop
Song
Country
Pokémon
WWE
The Office
Soccer
Puzzle
NFL
hide this ad
More By:
marierob13
Quiz
Plays
Rating
Category
Featured
Created
North, South, East & West Stations in Greater London
495
3.86
Geography
Jan 11, 2016
London bus routes around Wallington
321
4.25
Geography
Sep 7, 2015
'Green' Stations in Greater London
237
5.00
Geography
Jan 11, 2016
London bus routes around Carshalton
200
5.00
Geography
Sep 8, 2015
Bus Routes of the London Borough of Lambeth
195
5.00
Geography
Sep 9, 2015
Go to Creator's Profile
Score Distribution
Quiz Creator Spotlight
marierob13
Follow
Send a Message
Quizzes Created
-
Created Quiz Play Count
-
More By This Creator
Popular Quizzes Today
1
Find the US States - No Outlines Minefield
2
Find the Countries of Europe - No Outlines Minefield
3
The Countries of the World
4
Popular People in 1961
5
1-10 Letter E Words III
6
US States
7
Find the US States
8
One Thing in Common: World Cities II
More Geography Quizzes
All About... London
Published
Trending Quizzes
Risky Map Clicking: Least Populous States A-Z
1-10 Letter F Words
Humor Books: The Subtitles
1-10 Letter G Words
One Thing in Common: United Kingdom
Recently Updated
Leaping Animals
pecheneg
Reality TV Shows (A-Z)
bhenderson79
Rickey Henderson's Hall of Fame Teammates
pecheneg
Champions League XIs: Arsenal
pecheneg
Quick Pick: Celebrities in WWE's Hall of Fame
aduchscher
A-Z Keypad Blitz II
pecheneg
Multiple Oscar Actors
pecheneg
Mystery Phrase Blitz: Oscar 'Best Actors'
pecheneg
F. Scott Fitzgerald Novels
LTH
Pick 3 Villains
ddd62291
Trending Topics
Harry Potter
Anime
Kpop
NBA
Marvel
Disney
Crossword
Puzzle
Song
The Office
NFL
Pokémon
Soccer
WWE
Country
Your Account Isn't Verified!
In order to create a playlist on Sporcle, you need to verify the email address you used during registration. Go to your
Sporcle Settings
to finish the process.
Report this User
Report this user for behavior that violates our
Community Guidelines
.
Details:
Send Report
Go to the Sporcle.com Mobile Site →
Comments